تحميل...
Vidwan P. Kelunair: Jeevithavum krithikalum/
| المؤلف الرئيسي: | |
|---|---|
| منشور في: |
Kerala Sahitya Akademi, Thrissur
2018
|
| الطبعة: | 2 |
| LEADER | 00480 a2200121 4500 | ||
|---|---|---|---|
| 020 | |a 9788193687710 | ||
| 100 | |a BALAKRISHNANNAMBIAR, K | ||
| 245 | |a Vidwan P. Kelunair: Jeevithavum krithikalum/ | ||
| 250 | |a 2 | ||
| 260 | |b Kerala Sahitya Akademi, Thrissur |c 2018 | ||
| 999 | |c 190828 |d 190828 | ||
| 952 | |0 0 |1 0 |4 0 |7 -1 |9 333202 |a LIB |b LIB |d 2020-01-22 |e 17 |g 113.90 |p 313638 |r 2020-01-22 |v 170.00 |w 2020-01-22 | ||
| 952 | |0 0 |1 0 |4 0 |7 -1 |9 333203 |a LIB |b LIB |d 2020-01-22 |e 17 |g 113.90 |p 313637 |r 2020-01-22 |v 170.00 |w 2020-01-22 | ||